000 00515nam a2200193Ia 4500
005 20250508162749.0
008 008 250505s9999 xx 000 0 eng d
037 _aReference
040 _aFEDL
_beng
_cFEDL
041 _aeng
_2eng
084 _a100, HOS
_qFEDL
100 _aHospers John
245 0 _aIntroduction to philosophical analysis
250 _a3
260 _aEnglewood Chiffs, USA
_bPrentice Hall
_c1988
300 _axi,416p
942 _cREF
_h100, HOS
999 _c1378566
_d1378566